[Event "Perth Chess League"]
[Site "Perth AUS"]
[Date "2024.11.20"]
[Round "9.8"]
[White "Janceski,Alex"]
[Black "Soutar,Gavin"]
[Result "1/2-1/2"]
[BlackElo "1812"]
[BlackFideId "3228991"]
[EventDate "2024.03.12"]
[PlyCount "0"]
[WhiteElo "1865"]
[WhiteFideId "3228185"]

1. d4 d5 2. c4 e6 3. a3 Nf6 4. e3 Bd6 5. Nf3 O-O 6. Nbd2 c5 7. dxc5 Bxc5 8. b4
Be7 9. Bb2 dxc4 10. Bxc4 a6 11. O-O b5 12. Bb3 Bb7 13. Qe2 Nc6 14. Rfd1 Qb6 15.
Rac1 Rfd8 16. Nd4 Rac8 17. N2f3 Qa7 18. Ng5 Nxd4 19. Bxd4 Qa8 20. Rxc8 Qxc8 21.
Nf3 Ne4 22. Qc2 Bf6 23. h3 Bxd4 24. Nxd4 Qc3 25. Qxc3 Nxc3 26. Rc1 Rxd4 27.
Rxc3 Rd7 28. f3 Kf8 29. Kf2 Ke7 30. g4 Rd2+ 31. Kg3 Kd6 32. e4 Ke7 33. Rc7+ Rd7
34. Rxd7+ Kxd7 35. Kf4 Kd6 36. h4 e5+ 37. Ke3 h6 { Score sheets illegible at
this point. Play continued to move 47 when a draw was agreed.}   1/2-1/2

[Event "Perth Chess League"]
[Site "Perth AUS"]
[Date "2024.11.20"]
[Round "9.9"]
[White "Kinsman,Craig C"]
[Black "Spirin,Victor"]
[Result "0-1"]
[BlackElo "2267"]
[BlackFideId "54131170"]
[EventDate "2024.03.12"]
[PlyCount "0"]
[WhiteElo "2067"]
[WhiteFideId "3230171"]

1. e4 Nf6 2. e5 Nd5 3. d4 d6 4. Nf3 Bg4 5. Be2 c6 6. c4 Nb6 7. Nbd2 dxe5 8. Nxe5
Bxe2 9. Qxe2 e6 10. O-O Be7 11. Ndf3 O-O 12. Be3 N8d7 13. b3 Nf6 14. a3 a5 15.
Bd2 Nbd7 16. Nxd7 Nxd7 17. b4 axb4 18. axb4 Qb6 19. Rfb1 Ra6 20. Rxa6 Qxa6 21.
Bc3 Qa3 22. Qb2 Ra8 23. Kf1 Nb6 24. Nd2 Qxb2 25. Rxb2 Ra1+ 26. Ke2 Na4 27. Rc2
Ra3 28. Nb1 Rb3  0-1

[Event "Perth Chess League"]
[Site "Perth AUS"]
[Date "2024.11.20"]
[Round "9.10"]
[White "Barry,David"]
[Black "Rahmani,Noor"]
[Result "0-1"]
[BlackElo "2244"]
[BlackFideId "3278824"]
[EventDate "2024.03.12"]
[PlyCount "0"]
[WhiteElo "1924"]
[WhiteFideId "3234487"]

1. e4 c5 2. Nf3 Nc6 3. d4 cxd4 4. Nxd4 e5 5. Nb5 d6 6. N1c3 a6 7. Na3 Nf6 8. Bg5
Be7 9. Bxf6 Bxf6 10. Nd5 Bg5 11. c3 O-O 12. Be2 Be6 13. O-O Ne7 14. Bc4 Rc8 15.
Nxe7+ Qxe7 16. Bxe6 fxe6 17. Nc2 Rc4 18. Qd3 Rfc8 19. Rad1 R4c6 20. Ne3 Qf7 21.
c4 Qh5 22. b3 Bf4 23. g3 Bg5 24. Ng2 Bd8 25. f4 Bb6+ 26. Kh1 Bd4 27. fxe5 dxe5
28. Qf3 Qxf3 29. Rxf3 b5 30. cxb5 axb5 31. Ne1 Rc1 32. Rfd3 R8c3 33. R3d2 Rxd1
34. Rxd1 Re3 35. Nc2 Rxe4 36. Re1 Rxe1+ 37. Nxe1 b4 38. Kg2 e4 39. Kf1 Kf7 40.
Ke2 Kf6 41. h3 g5 42. Nc2 Bc5 43. a4 bxa3 44. b4 Bd6 45. Nxa3 Bxb4 46. Nc4 Bc5
47. Kf1 h5 48. g4 hxg4 49. hxg4 e5 50. Ke2 Ke6 51. Nd2 Kd5 52. Nf1 e3 53. Ng3
e4 54. Kd1 Ke5 55. Ne2 Bb4 56. Kc2 Kd5 57. Kb3 Be1 58. Kc2 Kc4 59. Kd1 Ba5 60.
Kc2 Bb4 61. Ng3 Be7 62. Nxe4 Kd4 63. Ng3 Ke5 64. Kd3 Kf4 65. Ne2+ Kf3 66. Nd4+
Kf2 67. Ne2 Ba3 68. Nc3 Be7 69. Nd1+ Kf3 70. Nxe3 Bc5 71. Nf1 Kxg4 72. Ke4 Kh3
73. Kf5 g4 74. Nh2 g3 75. Nf3 g2 76. Kf4 Bd6+ 77. Ke3 Kg3 78. Ke4 Bc5  0-1

[Event "Perth Chess League"]
[Site "Perth AUS"]
[Date "2024.11.20"]
[Round "9.11"]
[White "Simonds,Marcus"]
[Black "Gibson,Jacob"]
[Result "1/2-1/2"]
[BlackElo "2031"]
[BlackFideId "3246426"]
[EventDate "2024.03.12"]
[PlyCount "0"]
[WhiteElo "1724"]
[WhiteFideId "3237575"]

1. e4 e5 2. Nc3 Nc6 3. Bc4 Nf6 4. d3 Bb4 5. Bd2 Na5 6. Bb3 c6 7. Nf3 Qe7 8. O-O
O-O 9. a3 Nxb3 10. cxb3 Bc5 11. b4 Bb6 12. h3 h6 13. Qe2 Re8 14. Rfe1 d6 15.
Nd1 Nh5 16. Nc3 Qf6 17. Na4 Bc7 18. Kh2 d5 19. Ng1 Nf4 20. Qf3 { Draw agreed.} 
 1/2-1/2

[Event "Perth Chess League"]
[Site "Perth AUS"]
[Date "2024.11.20"]
[Round "9.12"]
[White "Williams,Joshua"]
[Black "Clarke,Daniel"]
[Result "0-1"]
[BlackElo "1951"]
[BlackFideId "3247570"]
[EventDate "2024.03.12"]
[PlyCount "0"]
[WhiteElo "1489"]
[WhiteFideId "3266770"]

1. d4 d5 2. Nc3 Nf6 3. Bg5 Nbd7 4. Nf3 h6 5. Bf4 c6 6. e3 e6 7. Bd3 Be7 8. O-O
O-O 9. Bxh6 gxh6 10. Ne5 Kg7 11. Qf3 Rg8 12. e4 Nxe5 13. dxe5 Nxe4 14. Bxe4
dxe4 15. Nxe4 Qf8 16. Rad1 f5 17. Ng3 Kh7 18. Rd4 Qg7 19. Rh4 Bxh4 20. Nh5 Qg4
21. Qxg4 Rxg4 22. g3 Bg5 23. f4 Be7 24. Rd1 Kg6 25. h3 Kxh5 26. hxg4+ Kxg4 27.
Kg2 b6 28. Rh1 h5 29. a3 c5 30. Kf2 Bb7 31. Rh2 Rd8  0-1

[Event "Perth Chess League"]
[Site "Perth AUS"]
[Date "2024.12.10"]
[Round "10.1"]
[White "King,David"]
[Black "O'Mahoney,Keegan"]
[Result "0-1"]
[BlackElo "2107"]
[BlackFideId "2506190"]
[EventDate "2024.03.12"]
[PlyCount "0"]
[WhiteElo "2063"]
[WhiteFideId "3246680"]

1. e4 d6 2. d4 Nf6 3. Nc3 Nbd7 4. f4 e5 5. Nf3 exd4 6. Qxd4 c6 7. Bd2 d5 8.
O-O-O Bc5 9. Qd3 O-O 10. h3 dxe4 11. Nxe4 Nxe4 12. Qxe4 Nf6 13. Qd3 Qb6 14. Ne5
$2 Be6 15. a3 $4 Rad8 16. Qe2 Rfe8 17. g3 Ba2 18. Bg2 Bxa3 19. Bc3 Bb4 20. Bxb4
Qxb4 21. Rxd8 Rxd8 22. Re1 Qa5 23. Rd1 Bd5 24. Nd3 Bxg2 25. Qxg2 Qa1+ 26. Kd2
Rxd3+  0-1

[Event "Perth Chess League"]
[Site "Perth AUS"]
[Date "2024.12.10"]
[Round "10.2"]
[White "Lucas,Bradley"]
[Black "Barry,David"]
[Result "1-0"]
[BlackElo "1893"]
[BlackFideId "3234487"]
[EventDate "2024.03.12"]
[PlyCount "0"]
[WhiteElo "2157"]
[WhiteFideId "311105223"]

1. e4 c5 2. d4 cxd4 3. c3 e6 4. Nf3 Nf6 5. e5 Nd5 6. cxd4 Nc6 7. Bc4 Qa5+ 8. Bd2
Bb4 9. O-O Bxd2 10. Nbxd2 Nce7 11. Bd3 Qd8 12. Re1 d6 13. Ne4 dxe5 14. dxe5 O-O
15. Nfg5 g6 16. Qf3 Kg7 17. Rad1 Nc6 18. Qg3 f6 19. Nxf6 Nxf6 20. Nxh7 Qe8 21.
Nxf8 Nh5 22. Qg5 Ne7 23. Nxg6 Nxg6 24. Qxh5 Bd7 25. Bxg6  1-0

[Event "Perth Chess League"]
[Site "Perth AUS"]
[Date "2024.12.10"]
[Round "10.3"]
[White "Wu,Kobe"]
[Black "Roebuck,Derek J"]
[Result "1/2-1/2"]
[BlackElo "1786"]
[BlackFideId "3226999"]
[EventDate "2024.03.12"]
[PlyCount "0"]
[WhiteElo "1611"]
[WhiteFideId "3257355"]

1. e4 e5 2. Nf3 Nc6 3. Bc4 Nf6 4. d3 Be7 5. c3 O-O 6. O-O d5 7. exd5 Nxd5 8. Re1
Bf6 9. Nbd2 a6 10. Ne4 Nb6 11. Bb3 Bf5 12. Nxf6+ Qxf6 13. Bc2 Qd6 14. Be3 Nd5
15. Qe2 Rad8 16. Rad1 Bg6 17. Nh4 Nxe3 18. fxe3 Qd7 19. Nxg6 hxg6 20. d4 exd4
21. exd4 Rfe8 22. Qd2 Rxe1+ 23. Rxe1 Re8 24. Rxe8+ Qxe8 25. Kf2 Qe7 26. Qe3 Kf8
27. Qxe7+ Kxe7 28. Ke3 Kd6 29. g4 g5 30. Ke4 g6 31. b4 a5 32. a3 axb4 33. axb4
b6 34. Bb3 Nd8 35. h3 Ke7 36. Ba2  1/2-1/2

[Event "Perth Chess League"]
[Site "Perth AUS"]
[Date "2024.12.10"]
[Round "10.4"]
[White "Rithauddin,Florentyna"]
[Black "Moseley,Paul"]
[Result "1-0"]
[BlackElo "1505"]
[BlackFideId "3250911"]
[EventDate "2024.03.12"]
[PlyCount "0"]
[WhiteElo "1548"]
[WhiteFideId "35816694"]

1. c4 f5 2. d4 Nf6 3. Nc3 e6 4. Nf3 b6 5. g3 Bb7 6. Bg2 Be7 7. O-O O-O 8. a3 a5
9. Re1 Ne4 10. Qb3 Nxc3 11. bxc3 d6 12. Bb2 a4 13. Qa2 Nd7 14. Rad1 Nf6 15. c5
d5 16. cxb6 cxb6 17. c4 Rc8 18. cxd5 Bxd5 19. Qb1 Bb3 ( 19... b5 { maintains
the edge.} )20. Rc1 Bd6 21. Nd2 Rxc1 22. Rxc1 Qe7 23. Nxb3 axb3 24. a4 Nd5 25.
Bxd5 exd5 26. Qd3 Re8 $4 { Subtle, but the losing move. The Engine recommends.}
 ( 26... f4 27. Rc6 fxg3 28. hxg3 { and life goes on.}  )27. Qxb3 Qe6 28. Rc6
Qxe2 $4 29. Rxd6 Qe1+ 30. Kg2 Qe4+ 31. Qf3 Qc2 32. Qxd5+ Kf8 33. Ba3 Qe4+ 34.
Qxe4 fxe4 35. Rxb6+ Kf7 36. a5 Rd8 37. Bc5 Re8 38. a6 e3 39. fxe3 Rxe3 40. a7
Re2+ 41. Kh3  1-0

[Event "Perth Chess League"]
[Site "Perth AUS"]
[Date "2024.12.10"]
[Round "10.5"]
[White "Spirin,Victor"]
[Black "Balavignan,Ashvin"]
[Result "1/2-1/2"]
[BlackElo "2203"]
[BlackFideId "3261425"]
[EventDate "2024.03.12"]
[PlyCount "0"]
[WhiteElo "2304"]
[WhiteFideId "54131170"]

1. d4 d5 2. c4 c6 3. cxd5 cxd5 4. Nc3 Nf6 5. Bf4 Nc6 6. e3 a6 7. Bd3 Bg4 8. Nf3
e6 9. Qb3 Bxf3 10. gxf3 Na5 11. Qa4+ Nc6 12. Qb3 Ra7 13. Rg1 Bd6 14. Bxd6 Qxd6
15. Rxg7 Qxh2 16. Bf1 Qd6 17. a4 Qb4 18. Qxb4 Nxb4 19. Rc1 Nc6 20. Na2 Kf8 21.
Rg1 Ra8 22. b4 Rc8 23. b5 axb5 24. Bxb5 Ke7 25. Bxc6 Rxc6 26. Rxc6 bxc6 27. Nb4
Rc8 28. Kd2 Nd7 29. a5 c5 30. dxc5 Nxc5 31. a6 Ra8 32. a7 Kd6 33. Rg7 Rxa7 34.
Rxh7 Ra4 35. Kc3 Ra3+ 36. Kc2 f5 37. Rh4 Ra8 38. Rd4 Rc8 39. Kb2 Rb8 40. Kc2
Rh8 41. Rd2 Rh3 42. f4 Ne4 43. Re2 Rh2  1/2-1/2

[Event "Perth Chess League"]
[Site "Perth AUS"]
[Date "2024.12.10"]
[Round "10.6"]
[White "Rahmani,Noor"]
[Black "Maggs,Derwent"]
[Result "0-1"]
[BlackElo "2299"]
[BlackFideId "3228223"]
[EventDate "2024.03.12"]
[PlyCount "0"]
[WhiteElo "2156"]
[WhiteFideId "3278824"]

1. e4 c6 2. d4 d5 3. e5 c5 4. c3 Nc6 5. Be3 Bf5 6. Bb5 Qb6 7. Na3 e6 8. h4 h6 9.
dxc5 Bxc5 10. Bxc5 Qxc5 11. Qd4 Qxd4 12. cxd4 Ne7 13. Ne2 a6 14. Ba4 b5 15. Bb3
O-O 16. Rd1 Rfc8 17. O-O Rab8 18. Bc2 b4 19. Bxf5 Nxf5 20. Nc2 Nxe5 21. Nxb4
Rxb4 22. dxe5 Rxb2 23. Nc1 Nxh4 24. Rd4 Ng6 25. Ra4 Nxe5 26. Rxa6 Rcc2 27. a4 
0-1

[Event "Perth Chess League"]
[Site "Perth AUS"]
[Date "2024.12.10"]
[Round "10.8"]
[White "Clarke,Daniel"]
[Black "Elkington,Derek"]
[Result "1-0"]
[BlackElo "1874"]
[BlackFideId "3212564"]
[EventDate "2024.03.12"]
[PlyCount "0"]
[WhiteElo "1920"]
[WhiteFideId "3247570"]

1. e4 c5 2. Nf3 d6 3. d4 cxd4 4. Nxd4 Nf6 5. Nc3 a6 6. Be2 e6 7. O-O Be7 8. Be3
Qc7 9. f4 Nc6 10. Nb3 b5 11. a3 Bb7 12. Bf3 Rc8 13. Qe2 O-O 14. Rad1 Rfd8 15.
Qf2 Rd7 16. Kh1 Qb8 17. Rd2 Nd8 18. Rfd1 Rxc3 19. bxc3 Bxe4 20. Nc5 dxc5 21.
Rxd7 Bxf3 22. Qxf3 Nxd7 23. Rxd7 Bf8 24. f5 exf5 25. Qxf5 Qb6 26. Bg5 f6 27.
Qd5+ Qe6 28. Rxd8 Qxd5 29. Rxd5 fxg5 30. Rxg5 Kf7 31. Kg1 Ke6 32. Kf2 g6 33.
Ke2 Be7 34. Rg4 Kf5 35. Rg3 Bd6 36. Rf3+ Ke6 37. a4 bxa4 38. c4 Bxh2 39. Ra3
Bc7 40. Rxa4 a5 41. Ra3 g5 42. Rh3 Be5 43. Rxh7 Kf5 44. Rh3 Ke4 45. Re3+ Kd4
46. c3+ Kxc4 47. Rxe5 a4 48. Rxg5 a3 49. Rg8 Kxc3 50. Ra8 Kb2 51. Kd3  1-0

[Event "Perth Chess League"]
[Site "Perth AUS"]
[Date "2024.12.10"]
[Round "10.9"]
[White "Haria, Ravi"]
[Black "Hardegen,Andrew"]
[Result "1-0"]
[BlackElo "2057"]
[BlackFideId "3204081"]
[EventDate "2024.03.12"]
[PlyCount "0"]
[WhiteElo "2496"]
[WhiteFideId "415820"]

1. e4 e6 2. d4 d5 3. Nd2 Nf6 4. e5 Nfd7 5. Ngf3 c5 6. Bd3 Nc6 7. O-O cxd4 8. Re1
Be7 9. Nb3 Qb6 10. Bf4 h6 11. a4 g5 12. Bg3 g4 13. a5 Qb4 14. Bf4 Bd8 15. Bd2
Qe7 16. Nfxd4 Ncxe5 17. Bf4 Bc7 18. Qd2 Qf6 19. Bg3 h5 20. Nb5 Bb8 21. Qc3 O-O
22. Nc7 Bxc7 23. Qxc7 Nxd3 24. cxd3 Qxb2 25. Rab1 Qf6 26. Bd6 Re8 27. d4 Qd8
28. Qc1 Kh7 29. Qc2+ f5 30. Bc7 Qe7 31. Nc1 Nf6 32. Nd3 Ne4 33. Ne5 Rg8 34. a6
b6 35. Ra1 Bd7 36. Rec1 h4 37. Nd3 Rac8 38. Nf4 g3 39. f3 gxh2+ 40. Kxh2 Nf6
41. Qf2 Ne8 42. Be5 Qg5 43. Nh3 Qh6 44. Rxc8 Bxc8 45. Qc2 Bd7 46. Bb8 Qe3 47.
Qf2 Qxf2 48. Nxf2 Nf6 49. Bxa7 Ra8 50. Bxb6 Bc8 51. a7 Ne8 52. Bc5 Nc7 53. Kh3
Kg6 54. Kxh4 e5 55. dxe5 f4 56. Rb1 Na6 57. Rb6+ Kf5 58. Ng4 Be6 59. Nh6+ Kxe5
60. Rxa6  1-0

[Event "Perth Chess League"]
[Site "Perth AUS"]
[Date "2024.12.10"]
[Round "10.10"]
[White "Hare,Tim"]
[Black "Hardegen,Kathryn"]
[Result "0-1"]
[BlackElo "2079"]
[BlackFideId "3226778"]
[EventDate "2024.03.12"]
[PlyCount "0"]
[WhiteElo "2295"]
[WhiteFideId "4300629"]

1. Nf3 Nf6 2. g3 d5 3. Bg2 c6 4. O-O Bg4 5. h3 Bh5 6. d3 e6 7. Nbd2 Bd6 8. c3
Nbd7 9. Qe1 O-O 10. e4 e5 11. g4 Bg6 12. Nh4 Nc5 13. Qe2 Bc7 14. Nf5 Ne6 15.
Nf3 Bxf5 16. exf5 Nf4 17. Bxf4 exf4 18. Qd2 Qd6 19. Rfe1 Rfe8 20. a4 a5 21. g5
Nd7 22. d4 h6 23. h4 hxg5 24. hxg5 Re4 25. Ne5 Nxe5 26. Bxe4 dxe4 27. Qe2 Nf3+
28. Kf1 Nxe1 29. Rxe1 Re8 30. Qg4 Qd5 31. g6 fxg6 ( 31... e3 32. Qh4 fxg6 33.
fxg6 Qf5 34. Qh7+ Kf8 35. Qh8+ Ke7 36. Qxg7+ Kd8 )32. fxg6 e3 33. Qh3 Kf8 34.
fxe3 Rxe3 35. Rxe3 fxe3 36. Qh8+ Qg8 37. Qh3 Qc4+ 38. Ke1 Ke7 39. Qh4+ Kd7 40.
Qg4+ Qe6 41. Qg5 Qe4 42. Ke2 Qc2+ 43. Kf3 Qf2+ 44. Ke4 Qf4+  0-1

[Event "Perth Chess League"]
[Site "Perth AUS"]
[Date "2024.12.10"]
[Round "10.11"]
[White "O`Gorman, Alice"]
[Black "Taylor,Noah"]
[Result "0-1"]
[BlackElo "1863"]
[BlackFideId "3250121"]
[EventDate "2024.03.12"]
[PlyCount "0"]
[WhiteElo "1997"]
[WhiteFideId "2508214"]

1. e4 e5 2. Nf3 Nc6 3. Bc4 Bc5 4. O-O d6 5. c3 Bg4 6. a4 a5 7. d3 Qf6 8. Nbd2
Nge7 9. Nb3 Bb6 10. Be3 Bxf3 11. Qxf3 Qxf3 12. gxf3 Bxe3 13. fxe3 O-O 14. f4
Kh8 15. f5 f6 16. Rad1 b6 17. h3 { The game went for 65 moves but the score
sheet could not be followed from this point.}   0-1

[Event "Perth Chess League"]
[Site "Perth AUS"]
[Date "2024.12.10"]
[Round "10.12"]
[White "McAteer,Ian"]
[Black "Huang,Hui"]
[Result "0-1"]
[BlackElo "1787"]
[BlackFideId "3247597"]
[EventDate "2024.03.12"]
[PlyCount "0"]
[WhiteElo "1891"]
[WhiteFideId "3230015"]

1. d4 Nf6 2. Bg5 d5 3. Bxf6 exf6 4. e3 Bd6 5. Bd3 Be6 6. Nd2 c6 7. c3 Nd7 8. Qf3
Qb6 9. Rb1 Qc7 10. h3 h5 11. Ne2 g5 12. g3 ( 12. Ng3 g4 13. hxg4 Bxg4 14. Qxg4
hxg4 15. Rxh8+ Nf8 16. Nf5 )12... O-O-O 13. Qg2 f5 14. b4 Rdg8 15. Nb3 f4 16.
Kd2 g4 17. hxg4 ( 17. gxf4 gxh3 18. Qf1 Nf6 19. f5 Bd7 20. Qxh3 )17... fxg3 18.
f4 Bxg4 19. Nc5 h4 20. Nxg3 hxg3 21. Rxh8 Rxh8 22. Qxg3 f5 23. Ne6 Qb6 24. a4
a5 25. Nc5 Bxc5 26. bxc5 Qa7 27. Qg2 Nxc5 28. dxc5 Qxc5 29. Bc2 b5 30. axb5
cxb5 31. Bd3 Rh3 32. Qf2 Qa3 33. Rc1 Kd8 34. Bxb5 Qb2+  0-1